000 00655nam a22002177a 4500
003 UA-OsUOA
001 102630
007 ta
008 20130926b un ||||| |||| 00| 0 ukr d
100 _aКовальчук Т,
090 _a330(477)
_bК56
942 _cSA
040 _aUA-OsUOA
_bukr
_cUA-OsUOA
_dUA-OsUOA
245 _aНовації у сфері сучасних грошових систем та деякі їх особливості
300 _aС.3-13
955 _a0
041 _aukr
080 _a330(477)
773 0 _w102629
_tБанківська справа
_dК.
_d2013
_g7
650 7 _a330 Економіка взагалі
_2UDC
999 _c388957
_d388957